Gaming Quiz

Random Gaming or Nintendo Quiz

Mario Kart Racers Quiz Stats

 Plays Quiz Updated Mar 25, 2015

Challenge
Share
Tweet
Embed
Score 0/54 Timer 06:00
30 Plays Today
First Appearance Racer % Correct
Super Mario KartMario
99.4%
Super Mario KartLuigi
97.7%
Super Mario KartPrincess Peach
96.9%
Super Mario KartBowser
91.3%
Super Mario KartToad
87.4%
Mario Kart 64Donkey Kong
85.7%
Super Mario KartYoshi
85%
Mario Kart 64Wario
84.8%
Mario Kart Arcade GP DXDon-chan
83.6%
Mario Kart: Double Dash!Waluigi
71.7%
Mario Kart: Double Dash!Daisy
67.2%
Mario Kart: Double Dash!Baby Mario
66.2%
Mario Kart: Double Dash!Diddy Kong
63.9%
Mario Kart: Double Dash!Baby Luigi
61.6%
Super Mario KartKoopa Troopa
52.1%
Mario Kart WiiBaby Peach
49.4%
Mario Kart 8Link
49.1%
Mario Kart: Double Dash!King Boo
46.1%
Mario Kart DSDry Bones
45.9%
Mario Kart: Double Dash!Toadette
42.1%
Mario Kart: Double Dash!Bowser Jr.
40.1%
Mario Kart: Double Dash!Birdo
38%
Mario Kart WiiBaby Daisy
37.2%
Mario Kart 8Villager
33.5%
Mario Kart 8Baby Rosalina
33.4%
Mario Kart 8Wendy
33.2%
Mario Kart 8Ludwig
33%
First Appearance Racer % Correct
Mario Kart 8 DeluxeInklings
32.5%
Mario Kart 8Iggy
32.3%
Mario Kart 8Roy
31.8%
Mario Kart 8Lemmy
31.8%
Mario Kart 8Morton
31.2%
Mario Kart 7Metal Mario
31.1%
Mario Kart 8Pink Gold Peach
29.4%
Mario Kart WiiRosalina
29.2%
Mario Kart 8Larry
29.1%
Mario Kart DSShy Guy
28.2%
Mario Kart WiiMii
26%
Mario Kart WiiFunky Kong
25.7%
Mario Kart WiiDry Bowser
25.5%
Mario Kart 8Cat Peach
25.1%
Mario Kart 8Isabelle
24.8%
Mario Kart 8Tanooki Mario
24.2%
Mario Kart 7 Lakitu
23.6%
Mario Kart: Double Dash!Paratroopa
23.4%
Super Mario KartDonkey Kong Jr.
22.4%
Mario Kart 7Wiggler
21.3%
Mario Kart DSR.O.B.
20.6%
Mario Kart: Double Dash!Petey Piranha
18.6%
Mario Kart 7Honey Queen
16.7%
Mario Kart Arcade GPPac-Man
15.9%
Mario Kart Arcade GPMs. Pac-Man
10.9%
Mario Kart Arcade GPBlinky
9.2%
Mario Kart Arcade GP 2Mametchi
4.5%

You're not logged in!

Compare scores with friends on all Sporcle quizzes.
OR
Log In

You Might Also Like...

Show Comments

Extras

Top Quizzes Today


Score Distribution

Your Account Isn't Verified!

In order to create a playlist on Sporcle, you need to verify the email address you used during registration. Go to your Sporcle Settings to finish the process.

Report this User

Report this user for behavior that violates our Community Guidelines.

Details: